[Event "CZE-chTJ 0102"]
[Site "Czech Republic"]
[Date "2002.??.??"]
[Round "2"]
[White "Smejkal, Ladislav"]
[Black "Soural, Jan"]
[Result "0-1"]
[WhiteElo "2146"]
[BlackElo "2169"]
[PlyCount "82"]
[EventDate "2001.??.??"]
[EventType "team-tourn"]
[EventRounds "11"]
[EventCountry "CZE"]
[SourceTitle "EXT 2003"]
[Source "ChessBase"]
[SourceDate "2002.11.25"]
[SourceVersion "1"]
[SourceVersionDate "2002.11.25"]
[SourceQuality "1"]
[WhiteTeam "Vysehrad IV"]
[BlackTeam "Vlasim"]
[WhiteTeamCountry "CZE"]
[BlackTeamCountry "CZE"]

1. Nf3 Nf6 2. g3 g6 3. Bg2 Bg7 4. 0-0 0-0 5. c4 c6 6. Nc3 d6 7. d4 Nbd7 8. e4 e5 9. d5 c5 10. Ne1 Ne8 11. Nd3 b6 12. Be3 h6 13. Qd2 Kh7 14. f4 exf4 15. gxf4 f5 16. Kh1 fxe4 17. Nxe4 Ndf6 18. Ndf2 Nh5 19. Ng3 Qh4 20. Nxh5 Qxh5 21. Ne4 Qh4 22. Rae1 Rb8 23. b4 Rb7 24. Bf2 Qd8 25. b5 Rbf7 26. Bg3 Bd4 27. Qe2 Ng7 28. Qd3 Nh5 29. Qd2 Ng7 30. Nf2 Nf5 31. Be4 Bd7 32. Kg2 Qc8 33. Re2 Bf6 34. Rfe1 Nd4 35. Re3 h5 36. Qd1 h4 37. Bxh4 Bxh4 38. Qh5+ Kg8 39. Bxg6 Rg7 40. Nh3 Bxe1 41. Ng5 Bf5 0-1

[Event "CZE-chTJ 0102"]
[Site "Czech Republic"]
[Date "2002.??.??"]
[Round "2"]
[White "Svoboda, Milos"]
[Black "Smejkal, Ladislav"]
[Result "1-0"]
[WhiteElo "2211"]
[BlackElo "2146"]
[PlyCount "71"]
[EventDate "2001.??.??"]
[EventType "team-tourn"]
[EventRounds "11"]
[EventCountry "CZE"]
[SourceTitle "EXT 2003"]
[Source "ChessBase"]
[SourceDate "2002.11.25"]
[SourceVersion "1"]
[SourceVersionDate "2002.11.25"]
[SourceQuality "1"]
[WhiteTeam "Plzen Letna"]
[BlackTeam "Vysehrad IV"]
[WhiteTeamCountry "CZE"]
[BlackTeamCountry "CZE"]

1. d4 Nf6 2. Bf4 d5 3. e3 c5 4. c3 Qb6 5. b3 Nc6 6. Bd3 Bg4 7. f3 Bh5 8. Ne2 e6 9. 0-0 Bg6 10. Kh1 Be7 11. g4 Rd8 12. h4 Bd6 13. h5 Bxd3 14. Qxd3 Bxf4 15. Nxf4 h6 16. Na3 a6 17. Nc2 cxd4 18. exd4 Qc7 19. Qe3 0-0 20. Rg1 Nh7 21. Nd3 Ng5 22. Nce1 Rfe8 23. f4 Ne4 24. Rc1 f6 25. Nf3 Qf7 26. Rc2 Rc8 27. c4 dxc4 28. bxc4 Nd6 29. a4 e5 30. dxe5 Nxc4 31. Qc1 Qd5 32. Rg3 b5 33. exf6 Re3 34. Nde1 Rce8 35. f7+ Kxf7 36. Kh2 1-0

[Event "CZE-chTJ 9900"]
[Site "Czech Republic"]
[Date "2000.??.??"]
[Round "?"]
[White "Civin, Tomas"]
[Black "Smejkal, Ladislav"]
[Result "1-0"]
[WhiteElo "2250"]
[BlackElo "2125"]
[PlyCount "61"]
[EventDate "1999.??.??"]
[EventType "team-tourn"]
[EventRounds "11"]
[EventCountry "CZE"]
[SourceTitle "EXT 2002"]
[Source "ChessBase"]
[SourceDate "2001.11.25"]
[SourceVersion "1"]
[SourceVersionDate "2001.11.25"]
[SourceQuality "1"]

1. d4 Nf6 2. c4 e6 3. g3 c5 4. d5 exd5 5. cxd5 d6 6. Nc3 g6 7. Bg2 Bg7 8. Nf3 0-0 9. 0-0 Na6 10. Nd2 Nc7 11. a4 b6 12. Rb1 Ba6 13. b4 cxb4 14. Rxb4 Re8 15. Bb2 Rc8 16. Nc4 Bb7 17. Ne3 Na6 18. Rc4 Nc5 19. Nb5 a6 20. Na7 Ra8 21. Nc6 Qc7 22. Qa1 Nb3 23. Qd1 Nc5 24. Qb1 Nfd7 25. Bxg7 Kxg7 26. Rh4 Rxe3 27. fxe3 f6 28. Qb4 Bxc6 29. dxc6 Ne5 30. Qf4 Rf8 31. Qh6+ 1-0

[Event "CZE-chT2 9900"]
[Site "Czech Republic"]
[Date "2000.??.??"]
[Round "?"]
[White "Kulhanek, Tomas"]
[Black "Smejkal, Ladislav"]
[Result "1-0"]
[WhiteElo "2338"]
[BlackElo "2125"]
[PlyCount "72"]
[EventDate "1999.??.??"]
[EventType "team-tourn"]
[EventRounds "11"]
[EventCountry "CZE"]
[SourceTitle "EXT 2001"]
[Source "ChessBase"]
[SourceDate "2000.11.22"]
[SourceVersion "1"]
[SourceVersionDate "2000.11.22"]
[SourceQuality "1"]

1. e4 Nf6 2. e5 Nd5 3. d4 d6 4. Nf3 Bg4 5. Be2 e6 6. 0-0 Be7 7. h3 Bh5 8. c4 Nb6 9. Nc3 0-0 10. Be3 d5 11. c5 Bxf3 12. Bxf3 Nc4 13. Bf4 Nc6 14. b3 N4a5 15. Rc1 b6 16. Na4 f5 17. exf6 Bxf6 18. Be3 Ne7 19. Bg4 Qd7 20. cxb6 cxb6 21. Nc3 Nf5 22. Qd3 Rac8 23. Ne2 Nc6 24. a3 g6 25. Bxf5 exf5 26. b4 Ne7 27. Bf4 Qe6 28. Rce1 Qe4 29. Qa6 Rc2 30. Bd6 Rf7 31. Nf4 Qxd4 32. Qxa7 Qc4 33. Bxe7 Qxf4 34. Qa8+ Kg7 35. Bxf6+ Kxf6 36. Qxd5 Kg5 1-0

[Event "CZE-chT2a 0001"]
[Site "Czech Republic"]
[Date "2000.??.??"]
[Round "3"]
[White "Smejkal, Ladislav"]
[Black "Gdovin, Jan"]
[Result "1/2-1/2"]
[WhiteElo "2130"]
[BlackElo "2185"]
[PlyCount "64"]
[EventDate "2000.??.??"]
[EventType "team-tourn"]
[EventRounds "11"]
[EventCountry "CZE"]
[SourceTitle "EXT 2003"]
[Source "ChessBase"]
[SourceDate "2002.11.25"]
[SourceVersion "1"]
[SourceVersionDate "2002.11.25"]
[SourceQuality "1"]

1. Nf3 e6 2. g3 f5 3. Bg2 Nf6 4. d4 d5 5. 0-0 Bd6 6. b3 Qe7 7. Bb2 0-0 8. Ne1 b6 9. Nd3 Bb7 10. c4 c6 11. Nd2 a5 12. Rc1 Na6 13. a3 Rac8 14. Nb1 Rfd8 15. e3 c5 16. cxd5 Bxd5 17. Bxd5 Nxd5 18. Nf4 Nac7 19. Qf3 cxd4 20. Bxd4 Nxf4 21. exf4 Nd5 22. Nc3 Nxc3 23. Rxc3 Bc5 24. Bxc5 Rxc5 25. Re1 Rdc8 26. Rxc5 Rxc5 27. Qe2 Rc6 28. Qb5 Qd6 29. b4 axb4 30. axb4 Kf7 31. Ra1 Qc7 32. Qe2 Rc1+ 1/2-1/2

[Event "Klatovy op-A"]
[Site "Klatovy"]
[Date "2000.??.??"]
[Round "?"]
[White "Smejkal, Ladislav"]
[Black "Hacha, Ales"]
[Result "1-0"]
[WhiteElo "2205"]
[BlackElo "2085"]
[PlyCount "83"]
[EventDate "2000.??.??"]
[EventType "swiss"]
[EventRounds "9"]
[EventCountry "CZE"]
[SourceTitle "EXT 2003"]
[Source "ChessBase"]
[SourceDate "2002.11.25"]
[SourceVersion "1"]
[SourceVersionDate "2002.11.25"]
[SourceQuality "1"]

1. Nf3 Nf6 2. g3 g6 3. Bg2 Bg7 4. 0-0 0-0 5. c4 c5 6. d4 cxd4 7. Nxd4 Nc6 8. Nc3 d6 9. b3 Bd7 10. Nc2 Qb6 11. Bg5 Rfe8 12. Bxf6 Bxf6 13. Nd5 Qc5 14. Nxf6+ exf6 15. Qd2 Rad8 16. Rad1 Be6 17. Rfe1 f5 18. Nd4 Nxd4 19. Qxd4 b6 20. Rd2 Qxd4 21. Rxd4 Kf8 22. Bc6 Bd7 23. Bf3 Be6 24. Red1 Ke7 25. Kf1 Rg8 26. e3 g5 27. R1d2 Rg6 28. h4 f4 29. exf4 gxh4 30. f5 Bxf5 31. Rxh4 Re6 32. Bd5 Re5 33. f4 Re3 34. Kf2 Rc3 35. g4 Rc2 36. Rxc2 Bxc2 37. Ke3 Kf6 38. Kd2 Bb1 39. Rh1 Bxa2 40. Rxh7 Rf8 41. Kc2 Kg6 42. Rh2 1-0

[Event "Frymburk op-A"]
[Site "Frymburk"]
[Date "2000.??.??"]
[Round "7"]
[White "Smejkal, Ladislav"]
[Black "Herejk, Petr"]
[Result "1-0"]
[WhiteElo "2185"]
[BlackElo "2135"]
[PlyCount "81"]
[EventDate "2000.01.??"]
[EventType "swiss"]
[EventRounds "9"]
[EventCountry "CZE"]
[SourceTitle "EXT 2002"]
[Source "ChessBase"]
[SourceDate "2001.11.25"]
[SourceVersion "1"]
[SourceVersionDate "2001.11.25"]
[SourceQuality "1"]

1. Nf3 Nf6 2. g3 g6 3. Bg2 Bg7 4. 0-0 0-0 5. c4 d6 6. Nc3 Nc6 7. Rb1 e5 8. d3 a6 9. b4 Rb8 10. Nd2 Ne7 11. a4 b6 12. Ba3 Bb7 13. Nde4 Nd7 14. a5 bxa5 15. bxa5 h6 16. Qa4 Kh8 17. Rxb7 Rxb7 18. Nxd6 Rb8 19. Nb7 Qe8 20. Bxe7 Qxe7 21. Nd5 Qe8 22. Qc6 e4 23. Bxe4 Qc8 24. Rb1 Be5 25. Nb4 Re8 26. Nxa6 Re6 27. Qb5 c6 28. Qb3 Ra8 29. Nac5 Re7 30. Nxd7 Rxd7 31. Qb6 Bd4 32. Qxc6 Rc7 33. Qd5 Rd7 34. Nd6 Rxd6 35. Qxd6 Qd8 36. Qxd8+ Rxd8 37. a6 Rd6 38. Rb8+ Kg7 39. Bb7 Rb6 40. e3 Rb1+ 41. Kg2 1-0

[Event "Klatovy op-A"]
[Site "Klatovy"]
[Date "2000.??.??"]
[Round "?"]
[White "Smejkal, Ladislav"]
[Black "Schauer, Jiri"]
[Result "1-0"]
[WhiteElo "2205"]
[BlackElo "2030"]
[PlyCount "79"]
[EventDate "2000.??.??"]
[EventType "swiss"]
[EventRounds "9"]
[EventCountry "CZE"]
[SourceTitle "EXT 2003"]
[Source "ChessBase"]
[SourceDate "2002.11.25"]
[SourceVersion "1"]
[SourceVersionDate "2002.11.25"]
[SourceQuality "1"]

1. Nf3 g6 2. g3 Bg7 3. Bg2 Nf6 4. 0-0 0-0 5. c4 d6 6. Nc3 e5 7. d3 h6 8. Rb1 Nc6 9. b4 Be6 10. b5 Ne7 11. a4 Qc8 12. Ba3 Ne8 13. c5 Bh3 14. d4 Bxg2 15. Kxg2 Qe6 16. cxd6 Nxd6 17. dxe5 Bxe5 18. Nxe5 Qxe5 19. Qc2 Nef5 20. e4 Nc4 21. Bc1 Nfd6 22. Nd5 Rfd8 23. Bf4 Qxe4+ 24. Qxe4 Nxe4 25. Rfd1 Ncd2 26. Rb4 Rxd5 27. Rxe4 Nxe4 28. Rxd5 Nc3 29. Rd7 Nxa4 30. Rxc7 g5 31. Be3 b6 32. Kf3 a6 33. bxa6 Rxa6 34. Rc6 Ra5 35. Rxh6 Rd5 36. Kg4 b5 37. Bxg5 f5+ 38. Kh5 b4 39. Ra6 Nc3 40. Kg6 1-0

[Event "CZE-chT2a 0001"]
[Site "Czech Republic"]
[Date "2000.??.??"]
[Round "2"]
[White "Smejkal, Ladislav"]
[Black "Silar, Lubomir"]
[Result "1-0"]
[WhiteElo "2130"]
[BlackElo "2175"]
[PlyCount "85"]
[EventDate "2000.??.??"]
[EventType "team-tourn"]
[EventRounds "11"]
[EventCountry "CZE"]
[SourceTitle "EXT 2003"]
[Source "ChessBase"]
[SourceDate "2002.11.25"]
[SourceVersion "1"]
[SourceVersionDate "2002.11.25"]
[SourceQuality "1"]

1. Nf3 c5 2. g3 Nc6 3. Bg2 g6 4. 0-0 Bg7 5. c4 d6 6. Nc3 Nf6 7. d4 cxd4 8. Nxd4 Bd7 9. b3 0-0 10. Bb2 Qc8 11. Re1 Bh3 12. Bh1 Qd7 13. Nf3 Ne4 14. Qc1 Nxc3 15. Bxc3 Bxc3 16. Qxc3 Rac8 17. Rad1 b6 18. Qd2 Kg7 19. Ng5 f6 20. Nxh3 Qxh3 21. Bg2 Qf5 22. Qe3 Qe5 23. Qc1 f5 24. f4 Qf6 25. Qa3 a5 26. e4 fxe4 27. Rxe4 Nb4 28. Qa4 d5 29. cxd5 Rc2 30. Qd7 Rf7 31. Re5 Rxa2 32. Bh3 Na6 33. Be6 Rf8 34. d6 Nb8 35. Qxe7+ Kh6 36. Qxf6 Rxf6 37. d7 Nc6 38. d8Q Nxd8 39. Rxd8 a4 40. bxa4 Rxa4 41. Kg2 Rb4 42. Bg8 Rb2+ 43. Kh3 1-0

[Event "Frymburk op-A"]
[Site "Frymburk"]
[Date "2000.??.??"]
[Round "5"]
[White "Smejkal, Ladislav"]
[Black "Spacek, Libor"]
[Result "1-0"]
[WhiteElo "2185"]
[BlackElo "2166"]
[PlyCount "57"]
[EventDate "2000.01.??"]
[EventType "swiss"]
[EventRounds "9"]
[EventCountry "CZE"]
[SourceTitle "EXT 2002"]
[Source "ChessBase"]
[SourceDate "2001.11.25"]
[SourceVersion "1"]
[SourceVersionDate "2001.11.25"]
[SourceQuality "1"]

1. Nf3 Nf6 2. g3 d5 3. Bg2 c5 4. d3 Nc6 5. Nbd2 e5 6. e4 d4 7. 0-0 Bd6 8. Nh4 g5 9. Nf5 h6 10. Ng7+ Kf8 11. Nf5 Bc7 12. Nb3 Bxf5 13. exf5 Qd6 14. Nd2 Re8 15. Ne4 Nxe4 16. Bxe4 f6 17. a3 h5 18. b4 b6 19. bxc5 Qxc5 20. a4 Kg7 21. Kg2 Nb4 22. Ba3 Bd6 23. Bxb4 Qxb4 24. h4 Qc5 25. hxg5 fxg5 26. Rh1 g4 27. Rxh5 Rxh5 28. Qxg4+ Kf6 29. Qxh5 1-0

[Event "CZE-chT2 9900"]
[Site "Czech Republic"]
[Date "2000.??.??"]
[Round "?"]
[White "Smejkal, Ladislav"]
[Black "Znamenacek, Kvetoslav"]
[Result "1-0"]
[WhiteElo "2125"]
[BlackElo "2300"]
[PlyCount "51"]
[EventDate "1999.??.??"]
[EventType "team-tourn"]
[EventRounds "11"]
[EventCountry "CZE"]
[SourceTitle "EXT 2001"]
[Source "ChessBase"]
[SourceDate "2000.11.22"]
[SourceVersion "1"]
[SourceVersionDate "2000.11.22"]
[SourceQuality "1"]

1. Nf3 Nf6 2. g3 g6 3. Bg2 Bg7 4. 0-0 0-0 5. c4 c5 6. d4 d6 7. Nc3 Nc6 8. dxc5 dxc5 9. Be3 Be6 10. Ng5 Bxc4 11. Qa4 Bd5 12. Nxd5 Nxd5 13. Bxc5 Nb6 14. Qh4 h6 15. Ne4 g5 16. Qh5 Qe8 17. Rfd1 Nc4 18. Rab1 Rd8 19. b3 N4e5 20. Be3 f5 21. Qxe8 Rfxe8 22. Nc5 b6 23. Ne6 Rxd1+ 24. Rxd1 Nb4 25. Nxg7 Kxg7 26. Bd4 1-0

[Event "CZE-chT2 9900"]
[Site "Czech Republic"]
[Date "2000.??.??"]
[Round "?"]
[White "Taborsky, Rostislav"]
[Black "Smejkal, Ladislav"]
[Result "1-0"]
[WhiteElo "2208"]
[BlackElo "2125"]
[PlyCount "76"]
[EventDate "1999.??.??"]
[EventType "team-tourn"]
[EventRounds "11"]
[EventCountry "CZE"]
[SourceTitle "EXT 2001"]
[Source "ChessBase"]
[SourceDate "2000.11.22"]
[SourceVersion "1"]
[SourceVersionDate "2000.11.22"]
[SourceQuality "1"]

1. d4 Nf6 2. c4 e6 3. Nc3 Bb4 4. g3 c5 5. Nf3 0-0 6. Bg2 d6 7. Bd2 Nc6 8. d5 Ne7 9. a3 Bxc3 10. Bxc3 Ne4 11. Rc1 exd5 12. cxd5 b5 13. Nd2 Nxc3 14. bxc3 Bb7 15. c4 b4 16. axb4 cxb4 17. 0-0 a5 18. Qa4 Nc8 19. Ra1 Qe8 20. Nb3 Nb6 21. Qxe8 Rfxe8 22. Nxa5 Ba6 23. Rfc1 Bxc4 24. e4 Bd3 25. f3 Nd7 26. Bf1 Bxf1 27. Kxf1 Nc5 28. Rcb1 f5 29. Rxb4 fxe4 30. fxe4 Nxe4 31. Nb3 Nd2+ 32. Kg2 Re2+ 33. Kh3 Rxa1 34. Nxa1 Nf1 35. Rb6 h5 36. Kh4 Rxh2+ 37. Kg5 Nxg3 38. Kg6 Rf2 1-0

[Event "Frymburk op-A"]
[Site "Frymburk"]
[Date "2000.??.??"]
[Round "4"]
[White "Vojta, Tomas"]
[Black "Smejkal, Ladislav"]
[Result "0-1"]
[WhiteElo "2225"]
[BlackElo "2185"]
[PlyCount "68"]
[EventDate "2000.01.??"]
[EventType "swiss"]
[EventRounds "9"]
[EventCountry "CZE"]
[SourceTitle "EXT 2002"]
[Source "ChessBase"]
[SourceDate "2001.11.25"]
[SourceVersion "1"]
[SourceVersionDate "2001.11.25"]
[SourceQuality "1"]

1. c4 Nf6 2. Nc3 e5 3. g3 Bb4 4. Bg2 0-0 5. Nf3 Re8 6. 0-0 e4 7. Ng5 Bxc3 8. dxc3 d6 9. f3 h6 10. Nxe4 Nxe4 11. fxe4 Nc6 12. b3 Qe7 13. Bf4 Bg4 14. Bf3 Bh3 15. Re1 Qf6 16. Qd3 Re7 17. Bd2 Ne5 18. Qe3 a5 19. Qf4 Qe6 20. Qe3 b6 21. Qf2 Rae8 22. Rad1 Ng4 23. Qd4 Nf6 24. Bc1 Nxe4 25. Bxe4 Qxe4 26. Qxe4 Rxe4 27. e3 g5 28. Rd4 R4e6 29. b4 Re5 30. Red1 Rf5 31. a3 Re6 32. Re1 Ref6 33. Rdd1 Rf2 34. Kh1 Bg4 0-1

[Event "CZE-chT2"]
[Site "Czech Republic"]
[Date "1999.??.??"]
[Round "?"]
[White "Lacina, Adolf"]
[Black "Smejkal, Ladislav"]
[Result "0-1"]
[WhiteElo "2222"]
[BlackElo "2125"]
[PlyCount "80"]
[EventDate "1999.??.??"]
[EventType "team-tourn"]
[EventRounds "11"]
[EventCountry "CZE"]
[SourceTitle "EXT 2003"]
[Source "ChessBase"]
[SourceDate "2002.11.25"]
[SourceVersion "1"]
[SourceVersionDate "2002.11.25"]
[SourceQuality "1"]

1. e4 Nf6 2. e5 Nd5 3. d4 d6 4. c4 Nb6 5. exd6 cxd6 6. Nc3 g6 7. a4 Bg7 8. a5 N6d7 9. d5 0-0 10. Nf3 Nc5 11. Be2 Nba6 12. 0-0 Bf5 13. Nb5 Nb4 14. Nbd4 Be4 15. Bd2 Nbd3 16. Bc3 Nf4 17. b4 Nxe2+ 18. Nxe2 Bxf3 19. gxf3 Bxc3 20. Nxc3 Na6 21. Qb3 e5 22. Rfe1 f5 23. c5 Qg5+ 24. Kf1 Qf4 25. c6 Qxf3 26. cxb7 Rab8 27. Qc4 Rxb7 28. Qxa6 Rxb4 29. Qxd6 Qh1+ 30. Ke2 Rb2+ 31. Kd1 Qf3+ 32. Re2 Qd3+ 33. Ke1 Qxc3+ 34. Kf1 Rxe2 35. Qe6+ Kg7 36. Rb1 Rb2 37. Rd1 Qh3+ 38. Ke1 Qxh2 39. Qe7+ Rf7 40. Qxe5+ Qxe5+ 0-1

[Event "Most op-A"]
[Site "Most"]
[Date "1999.??.??"]
[Round "?"]
[White "Smejkal, Ladislav"]
[Black "Junova, Miroslava"]
[Result "1-0"]
[WhiteElo "2205"]
[BlackElo "1910"]
[PlyCount "123"]
[EventDate "1999.??.??"]
[EventType "swiss"]
[EventRounds "9"]
[EventCountry "CZE"]
[SourceTitle "EXT 2003"]
[Source "ChessBase"]
[SourceDate "2002.11.25"]
[SourceVersion "1"]
[SourceVersionDate "2002.11.25"]
[SourceQuality "1"]

1. Nf3 Nc6 2. d4 d5 3. Bf4 Nf6 4. e3 e6 5. Nbd2 Bd6 6. Ne5 0-0 7. c3 Nd7 8. Nxd7 Bxd7 9. Bd3 g6 10. h4 e5 11. Bg5 Be7 12. Bxe7 Qxe7 13. Nb3 exd4 14. cxd4 Nb4 15. Bb1 f5 16. h5 f4 17. hxg6 fxe3 18. f3 Qg5 19. Qe2 Qg3+ 20. Kd1 Rae8 21. a4 Rf4 22. Kc1 Qf2 23. Qxf2 exf2 24. gxh7+ Kh8 25. Kd2 Nc6 26. Bg6 Re6 27. Bd3 Nxd4 28. Nc5 Re7 29. Raf1 Bf5 30. Rxf2 b6 31. Bxf5 Nxf5 32. Nd3 Rxa4 33. g4 Nd4 34. f4 Rxh7 35. Rxh7+ Kxh7 36. f5 Nc6 37. f6 Kg8 38. Nf4 Ne5 39. g5 Kf7 40. Rf1 c5 41. b3 Rd4+ 42. Kc3 b5 43. g6+ Nxg6 44. Nxg6 Re4 45. Nh8+ Kf8 46. Ng6+ Kf7 47. Ne7 d4+ 48. Kd2 c4 49. b4 d3 50. Rf2 Re5 51. Nc6 Re6 52. Nxa7 Rb6 53. Kc3 Rb7 54. Nc6 d2 55. Kxd2 Rd7+ 56. Kc2 Rd5 57. Rf3 Rh5 58. Nd8+ Kf8 59. f7 Re5 60. Rg3 Rf5 61. Rg8+ Ke7 62. Re8+ 1-0

[Event "Most op-A"]
[Site "Most"]
[Date "1999.??.??"]
[Round "?"]
[White "Smejkal, Ladislav"]
[Black "Palek, Miroslav"]
[Result "1-0"]
[WhiteElo "2205"]
[BlackElo "2220"]
[PlyCount "41"]
[EventDate "1999.??.??"]
[EventType "swiss"]
[EventRounds "9"]
[EventCountry "CZE"]
[SourceTitle "EXT 2003"]
[Source "ChessBase"]
[SourceDate "2002.11.25"]
[SourceVersion "1"]
[SourceVersionDate "2002.11.25"]
[SourceQuality "1"]

1. Nf3 c5 2. c4 Nf6 3. Nc3 g6 4. g3 Bg7 5. Bg2 Nc6 6. d4 cxd4 7. Nxd4 Nxd4 8. Qxd4 d6 9. 0-0 0-0 10. Qh4 a6 11. Bh6 Rb8 12. Bxg7 Kxg7 13. Rfd1 Qb6 14. b3 Be6 15. Ne4 Nxe4 16. Bxe4 Rfe8 17. Bd5 Bxd5 18. Rxd5 Qb4 19. Qd4+ f6 20. Qe3 Kf7 21. a3 1-0

[Event "Most op-A"]
[Site "Most"]
[Date "1999.??.??"]
[Round "?"]
[White "Vojta, Tomas"]
[Black "Smejkal, Ladislav"]
[Result "0-1"]
[WhiteElo "2240"]
[BlackElo "2205"]
[PlyCount "138"]
[EventDate "1999.??.??"]
[EventType "swiss"]
[EventRounds "9"]
[EventCountry "CZE"]
[SourceTitle "EXT 2003"]
[Source "ChessBase"]
[SourceDate "2002.11.25"]
[SourceVersion "1"]
[SourceVersionDate "2002.11.25"]
[SourceQuality "1"]

1. e4 Nf6 2. e5 Nd5 3. Nc3 Nxc3 4. dxc3 Nc6 5. Nf3 d6 6. Bc4 dxe5 7. Qe2 f6 8. Be3 e6 9. h4 Bd6 10. 0-0-0 Qe7 11. Nd2 Nd8 12. Nb3 b6 13. Ba6 Bxa6 14. Qxa6 Nf7 15. g4 f5 16. Qc4 Rd8 17. Rde1 c5 18. Rhg1 g6 19. f3 Kf8 20. Nd2 h6 21. gxf5 gxf5 22. Rg6 Re8 23. Reg1 e4 24. f4 e5 25. fxe5 Bxe5 26. Qf1 f4 27. Bxf4 Bxf4 28. Qxf4 e3 29. Nf3 e2 30. Re1 Qe3+ 31. Qxe3 Rxe3 32. Ng1 Ne5 33. Rg2 Rg8 34. Rxg8+ Kxg8 35. Rxe2 Rxe2 36. Nxe2 Kf7 37. Kd1 Nf3 38. h5 Kf6 39. Ng3 Ke5 40. Ke2 Kf4 41. Kf2 Ne5 42. Ne2+ Kg4 43. b4 Nd7 44. Ke3 Kxh5 45. Kf4 Kg6 46. a4 Kf6 47. Ng3 Ke6 48. Nf5 cxb4 49. cxb4 Kd5 50. Nxh6 Kc4 51. Ke3 Kxb4 52. Kd2 Nc5 53. Nf5 Nxa4 54. Nd6 a5 55. Kc1 Nc3 56. Kb2 a4 57. Nf5 Nd1+ 58. Kc1 a3 59. Nd4 Nc3 60. Nb3 Kc4 61. Nd2+ Kb4 62. Nb3 Ka4 63. Na1 Ne2+ 64. Kd2 Nd4 65. Kd3 Ne6 66. Kc4 a2 67. Nb3 Nc5 68. Na1 Ka3 69. Kc3 b5 0-1

[Event "CZE-chT 9798"]
[Site "Czech Republic"]
[Date "1998.04.05"]
[Round "11"]
[White "Jirovsky, Petr"]
[Black "Smejkal, Ladislav"]
[Result "1-0"]
[WhiteElo "2365"]
[BlackElo "2125"]
[PlyCount "53"]
[EventDate "1997.11.15"]
[EventType "team-tourn"]
[EventRounds "11"]
[EventCountry "CZE"]
[SourceTitle "EXT 2019"]
[Source "ChessBase"]
[SourceDate "2018.10.10"]
[SourceVersion "1"]
[SourceVersionDate "2018.10.10"]
[SourceQuality "1"]
[WhiteTeam "Praha Mladi"]
[BlackTeam "Vysehrad SK Sokol II"]
[WhiteTeamCountry "CZE"]
[BlackTeamCountry "CZE"]

1. e4 Nf6 2. e5 Nd5 3. d4 d6 4. Nf3 Bg4 5. Be2 e6 6. 0-0 Be7 7. c4 Nb6 8. exd6 cxd6 9. Nc3 0-0 10. Be3 d5 11. c5 Bxf3 12. Bxf3 Nc4 13. Bf4 Nc6 14. b3 N4a5 15. Rb1 Bf6 16. Ne2 Ne7 17. Ng3 Nec6 18. Be3 g6 19. Re1 Bg7 20. Qd3 f5 21. b4 Nc4 22. b5 N6a5 23. Bf4 g5 24. Rxe6 gxf4 25. Nxf5 Nd2 26. Ne7+ Kh8 27. Qxd2 1-0

[Event "CZE-chT 9798"]
[Site "Czech Republic"]
[Date "1998.02.08"]
[Round "7"]
[White "Smejkal, Ladislav"]
[Black "Nedela, Vlastimil"]
[Result "0-1"]
[WhiteElo "2125"]
[BlackElo "2330"]
[PlyCount "83"]
[EventDate "1997.11.15"]
[EventType "team-tourn"]
[EventRounds "11"]
[EventCountry "CZE"]
[SourceTitle "EXT 2019"]
[Source "ChessBase"]
[SourceDate "2018.10.10"]
[SourceVersion "1"]
[SourceVersionDate "2018.10.10"]
[SourceQuality "1"]
[WhiteTeam "Vysehrad SK Sokol II"]
[BlackTeam "Ostrava TJ Nova Hut"]
[WhiteTeamCountry "CZE"]
[BlackTeamCountry "CZE"]

1. d4 g6 2. Nf3 Bg7 3. e4 d6 4. Bc4 Nf6 5. Qe2 0-0 6. 0-0 c6 7. e5 Nd5 8. Ng5 h6 9. exd6 hxg5 10. Bxd5 exd6 11. Bb3 Bxd4 12. Qd3 Qf6 13. Bxg5 Qxg5 14. Qxd4 Bh3 15. Qe4 Nd7 16. Qf3 Bf5 17. Nc3 Rae8 18. Rae1 Nc5 19. Rxe8 Rxe8 20. Nd1 d5 21. Qc3 b6 22. Ne3 Bd7 23. Qd4 Re4 24. Qd1 d4 25. Qf3 Rf4 26. Qg3 Qf6 27. Nc4 Ne4 28. Qd3 Nxf2 29. Rxf2 Rxf2 30. Ne5 Rf5 31. Bxf7+ Kg7 32. Nxd7 Qe7 33. Qxd4+ Kxf7 34. h3 Ke8 35. Nb8 Qc5 36. c3 Qxd4+ 37. cxd4 c5 38. dxc5 Rxc5 39. Na6 Rc2 40. b4 Rxa2 41. Nc7+ Kd7 42. Nd5 0-1

[Event "Svetla nad Sazavou op-A"]
[Site "Svetla nad Sazavou"]
[Date "1998.??.??"]
[Round "8"]
[White "Smejkal, Ladislav"]
[Black "Vojta, Tomas"]
[Result "1/2-1/2"]
[WhiteElo "2125"]
[BlackElo "2225"]
[PlyCount "93"]
[EventDate "1998.10.??"]
[EventType "swiss"]
[EventRounds "9"]
[EventCountry "CZE"]
[SourceTitle "EXT 2000"]
[Source "ChessBase"]
[SourceDate "1999.11.16"]
[SourceVersion "1"]
[SourceVersionDate "1999.11.16"]
[SourceQuality "1"]

1. Nf3 Nf6 2. g3 d5 3. Bg2 Bf5 4. 0-0 e6 5. d3 c6 6. Nbd2 h6 7. c3 Nbd7 8. Qc2 Be7 9. Rd1 Qc7 10. e4 Bh7 11. Ne1 0-0 12. Nf1 Rad8 13. f3 c5 14. Qe2 dxe4 15. dxe4 Nb6 16. Bf4 e5 17. Be3 Bg6 18. Bf2 Nfd7 19. Ne3 f6 20. c4 Qb8 21. Bh3 Rfe8 22. a4 Nf8 23. a5 Na8 24. Nd5 Bd6 25. Nd3 b6 26. axb6 axb6 27. Ra6 Bf7 28. Rda1 Bxd5 29. exd5 Nc7 30. R6a3 Qb7 31. Ra7 Qb8 32. b3 Re7 33. Be3 e4 34. Bf4 Nxd5 35. Bxd6 Qxd6 36. cxd5 Rxa7 37. Rxa7 exd3 38. Qxd3 Qxd5 39. Qxd5+ Rxd5 40. Rb7 Rd6 41. Bg4 Ne6 42. Bf5 Nd8 43. Rc7 Kf8 44. Bg6 Rc6 45. Rd7 Rc8 46. Kf2 b5 47. Bd3 1/2-1/2